000 00876nmm a2200265 a 4500
001 ocm000605232
003 TR-IsHL
005 20201028134135.0
008 131121s2009 tu tur
007 cr cn
020 _a9786054200184
035 _a605232
_b(N$T)
050 0 4 _aBP134.S6
_bC43 2009
090 0 4 _aBP134.S6
_bC43 2009
100 1 _aCebeci, Dilaver
245 1 0 _aKur'an'dan gerçekler
_h[electronic resource] /
_cDilaver Cebeci
260 _aİstanbul :
_bBilgeoğuz Yayınları,
_c2009
300 _a88 p.
650 4 _aFelsefe, Psikoloji ve Din
650 4 _aPhilosophy, Psychology and Religion
650 0 _aİslam dini
_x Kur'an-ı Kerim
_x Ayetler
650 0 _aIslam
_x Koran
_x Verses
650 7 _aRELIGION / Islam / General
_2bisacsh
856 4 0 _uhttp://search.ebscohost.com/login.aspx?direct=true&scope=site&db=e011xww&AN=605232
999 _c6028
_d6028